| 000 | 00606nam a2200181 a 4500 | ||
|---|---|---|---|
| 005 | 20260417064124.0 | ||
| 008 | 991125s1939 ag 000 0 spa u | ||
| 035 | _aUPN01000013215 | ||
| 049 | _aLT | ||
| 050 | 4 |
_aLB1651 A7 _bC4.2 1939 |
|
| 100 | 1 |
_aCendrero Curiel, Orestes _939164 |
|
| 245 | 1 | 0 |
_aCurso elemental de historia natural : _bbotánica / _cOrestes Cendrero Curiel. |
| 260 |
_a[Buenos Aires : _bs.n.], _c1939. |
||
| 300 |
_a252 p. : _bil. |
||
| 650 | 4 |
_aCiencias naturales _xEstudio y enseñanza (Secundaria) _97979 |
|
| 650 | 4 |
_aBotánica _xEstudio y enseñanza (Secundaria) _9846 |
|
| 905 | _aLibro | ||
| 999 |
_c13215 _d13215 |
||